| Tag |
First Indicator |
Second Indicator |
Subfields |
| LEADER |
00000cam a2200000Ia 4500 |
| 001 |
in00002460430 |
| 005 |
20211202191027.0 |
| 006 |
m d f |
| 007 |
cr mn||||||||| |
| 008 |
090309s1999 waua sb f000 0 eng d |
| 035 |
|
|
|a (OCoLC)ocn313457468
|
| 040 |
|
|
|a GPO
|c GPO
|d MvI
|d UtOrBLW
|
| 043 |
|
|
|a p------
|
| 049 |
|
|
|a WWW
|
| 074 |
|
|
|a 0250-E-25 (online)
|
| 086 |
0 |
|
|a C 55.36:ERL PMEL-67
|
| 100 |
1 |
|
|a Johnson, Eric S.
|
| 245 |
1 |
0 |
|a TOGA-TAO shipboard ADCP data report, 1991-1995 /
|c Eric S. Johnson and Patricia E. Plimpton.
|
| 264 |
|
1 |
|a [Seattle, Wash.] :
|b [Pacific Marine Environmental Laboratory],
|c [1999]
|
| 300 |
|
|
|a iv, 23 pages :
|b digital, PDF file.
|
| 336 |
|
|
|a text
|b txt
|2 rdacontent
|
| 337 |
|
|
|a computer
|b c
|2 rdamedia
|
| 338 |
|
|
|a online resource
|b cr
|2 rdacarrier
|
| 490 |
1 |
|
|a NOAA data report ERL PMEL ;
|v 67
|
| 490 |
1 |
|
|a Contribution 2086 from NOAA/Pacific Marine Environmental Laboratory
|
| 538 |
|
|
|a Mode of access: Internet from the NOAA web site. Address as of 3/9/09: http://www.pmel.noaa.gov/pubs/PDF/john2086/john2086.pdf ; current access available via PURL.
|
| 500 |
|
|
|a Title from title screen (viewed on Mar. 9, 2009).
|
| 500 |
|
|
|a "May 1999."
|
| 500 |
|
|
|a Chiefly figures and tables.
|
| 504 |
|
|
|a Includes bibliographical references (pages 3-4).
|
| 500 |
|
|
|a Electronic resource.
|
| 610 |
2 |
0 |
|a Discoverer (Ship)
|
| 610 |
2 |
0 |
|a Tropical Ocean/Global Atmosphere Program.
|
| 650 |
|
0 |
|a Oceanography
|z Pacific Ocean
|v Observations.
|
| 650 |
|
0 |
|a Ocean currents
|z Pacific Ocean
|v Observations.
|
| 650 |
|
0 |
|a Ocean currents
|z Pacific Ocean
|x Measurement.
|
| 650 |
|
0 |
|a Ocean circulation
|z Pacific Ocean
|v Observations.
|
| 650 |
|
0 |
|a Ocean circulation
|z Pacific Ocean
|x Measurement.
|
| 650 |
|
0 |
|a Underwater acoustics
|z Pacific Ocean.
|
| 776 |
0 |
|
|a Johnson, Eric S.
|t TOGA-TAO shipboard ADCP data report, 1991-1995
|h iii, 23 p.
|w (OCoLC)43444572
|
| 700 |
1 |
|
|a Plimpton, Patricia E.
|
| 710 |
2 |
|
|a Pacific Marine Environmental Laboratory (U.S.)
|
| 830 |
|
0 |
|a NOAA data report ERL PMEL ;
|v 67.
|
| 830 |
|
0 |
|a Contribution (Pacific Marine Environmental Laboratory (U.S.)) ;
|v no. 2086.
|
| 856 |
4 |
0 |
|u https://purl.fdlp.gov/GPO/LPS109935
|t 0
|
| 999 |
|
|
|a MARS
|
| 999 |
f |
f |
|s 8cc681ed-e21a-324b-ab5c-e37a127c6db1
|i e8376c28-0dab-39ed-ac99-ff7c4f8d324b
|t 0
|
| 952 |
f |
f |
|a Texas A&M University
|b College Station
|c Electronic Resources
|d Available Online
|t 0
|e C 55.36:ERL PMEL-67
|h Superintendent of Documents classification
|
| 998 |
f |
f |
|a C 55.36:ERL PMEL-67
|t 0
|l Available Online
|